Logo Biblioteca

Los pecados del lobo / (Registro nro. 898)

Detalles MARC
000 -LEADER
fixed length control field 01029nam a22002417a 4500
003 - CONTROL NUMBER IDENTIFIER
control field AR-RoUNCS
005 - DATE AND TIME OF LATEST TRANSACTION
control field 20260212091909.0
008 - FIXED-LENGTH DATA ELEMENTS--GENERAL INFORMATION
fixed length control field 240826s2005 sp gr 000 f spa
020 ## - INTERNATIONAL STANDARD BOOK NUMBER
International Standard Book Number 84-666-2321-3
040 ## - CATALOGING SOURCE
Original cataloging agency AR-BaBN
Language of cataloging spa
Transcribing agency AR-RoUNCS
Description conventions aacr
080 ## - UNIVERSAL DECIMAL CLASSIFICATION NUMBER
Authority record control number or standard number 82-312.4(410)
100 1# - MAIN ENTRY--PERSONAL NAME
Personal name Perry, Anne,
Dates associated with a name 1938-2023
Relator term autora
Relationship aut
245 14 - TITLE STATEMENT
Title Los pecados del lobo /
Statement of responsibility, etc. Anne Perry.
260 ## - PUBLICATION, DISTRIBUTION, ETC.
Place of publication, distribution, etc. Barcelona :
Name of publisher, distributor, etc. Byblos,
Date of publication, distribution, etc. 2005.
300 ## - PHYSICAL DESCRIPTION
Extent 506 p. ;
Dimensions 18 cm.
490 0# - SERIES STATEMENT
Series statement Byblos. Narrativa
Volume/sequential designation 1359/7
500 ## - GENERAL NOTE
General note Traducido por Victoria Simó.
520 3# - SUMMARY, ETC.
Summary, etc. La enfermera Hester Latterly ha encontrado un nuevo trabajo: acompañar a una anciana durante una visita a Londres. Pero la mujer muere envenenada durante el viaje. El inspector William Monk deberá demostrar la culpabilidad de la enfermera o encontrar al asesino entre los miembros del enigmático clan de los Farraline.
650 #7 - SUBJECT ADDED ENTRY--TOPICAL TERM
Source of heading or term embne
Topical term or geographic name entry element Literatura inglesa
655 #7 - INDEX TERM--GENRE/FORM
Genre/form data or focus term Novelas policiacas
Source of term embne
700 1# - ADDED ENTRY--PERSONAL NAME
Personal name Simó, Victoria
Relator term traductora
Relationship trl
942 ## - ADDED ENTRY ELEMENTS (KOHA)
Source of classification or shelving scheme Universal Decimal Classification
Koha item type Obra General
Suppress in OPAC No
Existencias
Withdrawn status Lost status Source of classification or shelving scheme Damaged status Not for loan Collection Home library Current library Date acquired Source of acquisition Total checkouts Full call number Barcode Date last seen Price effective from Koha item type
    Universal Decimal Classification     Colección General Biblioteca Escuela de Ciencias Sociales Biblioteca Escuela de Ciencias Sociales 12/02/2026 Donación 2023   82-312.4(410) P462 000941 12/02/2026 12/02/2026 Obra General
Biblioteca de la Escuela Preuniversitaria en Ciencias Sociales y Humanísticas.
Riobamba 250 bis.
CP 2000 - Rosario - Santa Fe
E-Mail: biblioteca@esociales.unr.edu.ar